| 000 | 00543nam a22001937a 4500 | ||
|---|---|---|---|
| 003 | OSt | ||
| 005 | 20140310182210.0 | ||
| 008 | 130905t xxu||||| |||| 00| 0 eng d | ||
| 020 | _a0844208167 | ||
| 050 |
_aHF 5371 _b.R724 1997 |
||
| 082 |
_aHS 651.752 _bR63 1997 |
||
| 100 |
_aRogers, Louisa _916661 |
||
| 245 |
_aBook of forms for everyday living / _cLouisa Rogers |
||
| 260 |
_aChicago : _bNational Textbook Company, _cc1997. |
||
| 300 |
_a75 p. : _c29 cm. |
||
| 650 |
_aForm _xFormat _916691 |
||
| 942 |
_2lcc _cHS |
||
| 999 |
_c10434 _d10434 |
||